00842nam a2200217Ia 4500003000400000005001700004008004100021020001800062020001800080040002900098050002100127100002200148245008100170250001700251260004300268300006400311520020000375650001400575650001200589700002300601OSt20221012140249.0221001s9999||||xx |||||||||||||| ||und|| a0-471-40775-5 a9780471407751 cChuka University Library aG 128b.B55 2002 aDe Blij, Harm J.  0aGeography:brealms, regions, and concepts/cHarm J. De Blij, Peter O. Muller a10th edition aChichester:bJohn Wiley & Sons,c2002. axxv, 563 pages: bcolor illustrations, color maps; c29 cm. aRegions, as this comprehensive geography text is generally known, combines a broad overview of the discipline of geography with a penetrating assessment of developments in our fast-changing world aGeography aAtlases a Muller, Peter O.